[Event "FRA-chT3 1415"]
[Site "France"]
[Date "2015.03.15"]
[Round "7"]
[White "Renard, Stephane"]
[Black "Geujon, Jean Charles"]
[Result "1-0"]
[WhiteElo "1919"]
[BlackElo "1898"]
[PlyCount "59"]
[EventDate "2014.10.12"]
[EventType "team-tourn"]
[EventRounds "9"]
[EventCountry "FRA"]
[SourceTitle "EXT 2020"]
[Source "ChessBase"]
[SourceDate "2019.10.17"]
[SourceVersion "1"]
[SourceVersionDate "2019.10.17"]
[SourceQuality "1"]
[WhiteTeam "Fenain Hornaing"]
[BlackTeam "Baisieux"]
[WhiteTeamCountry "FRA"]
[BlackTeamCountry "FRA"]

1. f4 e5 2. fxe5 d6 3. exd6 Bxd6 4. Nf3 Bg4 5. e3 Nc6 6. d4 Qe7 7. Be2 0-0-0 8. 0-0 h5 9. c4 Nh6 10. Nc3 Bxf3 11. Bxf3 Qh4 12. g3 Bxg3 13. hxg3 Qxg3+ 14. Bg2 Ng4 15. Rf3 Qh2+ 16. Kf1 Qh4 17. Qe1 Nh2+ 18. Ke2 Nxd4+ 19. exd4 Rhe8+ 20. Be3 Qxd4 21. Bh3+ Kb8 22. Kf2 Nxf3 23. Kxf3 Qf6+ 24. Kg2 Re5 25. Qf2 Qg6+ 26. Kh1 Rde8 27. Rg1 Qc6+ 28. Bg2 Qxc4 29. Bd4 R5e6 30. Bd5 1-0

[Event "Le Touquet op-B 20th"]
[Site "Le Touquet"]
[Date "2005.10.28"]
[Round "8"]
[White "Weemaes, Juliaan"]
[Black "Geujon, Jean Charles"]
[Result "0-1"]
[WhiteElo "1532"]
[BlackElo "1660"]
[PlyCount "68"]
[EventDate "2005.10.22"]
[EventType "swiss"]
[EventRounds "9"]
[EventCountry "FRA"]
[SourceTitle "EXT 2006"]
[Source "ChessBase"]
[SourceDate "2005.11.24"]
[SourceVersion "1"]
[SourceVersionDate "2005.11.24"]
[SourceQuality "1"]

1. e4 c5 2. Nf3 d6 3. d4 cxd4 4. Nxd4 Nc6 5. Nc3 g6 6. Be3 Bg7 7. Be2 Nf6 8. 0-0 0-0 9. a3 a6 10. Rb1 Bd7 11. Bf3 Rb8 12. Qd2 Ne5 13. Be2 Qc7 14. f4 Neg4 15. h3 Nxe3 16. Qxe3 Qc5 17. b4 Qc7 18. e5 dxe5 19. fxe5 Ne8 20. Nf3 Bc6 21. b5 Bxf3 22. Bxf3 Qxe5 23. Qxe5 Bxe5 24. Ne2 Nd6 25. bxa6 bxa6 26. Bd5 e6 27. Bb3 Rbc8 28. Nc1 Nf5 29. Ne2 Bd4+ 30. Nxd4 Nxd4 31. Rb2 Rc3 32. Rd1 e5 33. Rd2 Kg7 34. Rf2 Rb8 0-1

[Event "Le Touquet op-B 20th"]
[Site "Le Touquet"]
[Date "2005.10.26"]
[Round "5"]
[White "Geujon, Jean Charles"]
[Black "Leroy, Patrick"]
[Result "1-0"]
[WhiteElo "1660"]
[BlackElo "1880"]
[PlyCount "71"]
[EventDate "2005.10.22"]
[EventType "swiss"]
[EventRounds "9"]
[EventCountry "FRA"]
[SourceTitle "EXT 2006"]
[Source "ChessBase"]
[SourceDate "2005.11.24"]
[SourceVersion "1"]
[SourceVersionDate "2005.11.24"]
[SourceQuality "1"]

1. e4 d6 2. d4 Nf6 3. Nc3 g6 4. f4 Bg7 5. Nf3 0-0 6. Bd3 Nc6 7. e5 dxe5 8. fxe5 Nd5 9. Nxd5 Qxd5 10. c3 Bg4 11. 0-0 e6 12. Be3 Rad8 13. Be2 Qe4 14. Qc1 f6 15. exf6 Rxf6 16. Rf2 h6 17. Bxh6 Bxh6 18. Qxh6 Bxf3 19. Bxf3 Qf5 20. Qe3 Rdf8 21. Raf1 Qb5 22. Bxc6 Qxf1+ 23. Kxf1 Rxf2+ 24. Qxf2 bxc6 25. Qxf8+ Kxf8 26. Kf2 Ke7 27. Kf3 Kf6 28. h4 c5 29. g4 c4 30. Ke4 c6 31. b3 cxb3 32. axb3 a6 33. b4 Kf7 34. Ke5 Ke7 35. h5 gxh5 36. gxh5 1-0